000
00322nam a2200133Ia 4500
008
150301s2009 xx 000 0 und d
082
_a
620
_b
C09D
100
_a
CPWD
245
_a
CPWD SPECIFICATIONS
260
_b
DIRECTOR GENERAL OF WORKS
_a
INDIA
_c
2009
300
_a
532
650
_a
CIVIL ENGINEERING
942
_2
ddc
_c
BK
999
_c
6754
_d
6754